The renaissance, (Record no. 152930)
[ view plain ]
| 000 -LEADER | |
|---|---|
| fixed length control field | 00758cam4a220022900 4500 |
| 001 - CONTROL NUMBER | |
| control field | lce00530826 |
| 008 - FIXED-LENGTH DATA ELEMENTS--GENERAL INFORMATION | |
| fixed length control field | 721213s1940 nyu b 000 0 eng |
| 010 ## - LIBRARY OF CONGRESS CONTROL NUMBER | |
| LC control number | 40005856 |
| 035 ## - SYSTEM CONTROL NUMBER | |
| System control number | (Sirsi) r101558 |
| 035 ## - SYSTEM CONTROL NUMBER | |
| System control number | (DLC) 40005856 |
| 035 ## - SYSTEM CONTROL NUMBER | |
| System control number | (UPRA)lce00530826 |
| 050 0# - LIBRARY OF CONGRESS CALL NUMBER | |
| Classification number | CB361 |
| Item number | .F37 |
| 082 ## - DEWEY DECIMAL CLASSIFICATION NUMBER | |
| Classification number | 940.21 |
| 100 1# - MAIN ENTRY--PERSONAL NAME | |
| Personal name | Ferguson, Wallace Klippert, 1902- |
| Dates associated with a name | Ferguson, Wallace Klippert, 1902- |
| Linkage | A59560.1 |
| 245 14 - TITLE STATEMENT | |
| Title | The renaissance, |
| Statement of responsibility, etc. | by Wallace K. Ferguson. |
| 260 ## - PUBLICATION, DISTRIBUTION, ETC. | |
| Place of publication, distribution, etc. | New York, |
| Name of publisher, distributor, etc. | H. Holt and company |
| Date of publication, distribution, etc. | [c1940] |
| 440 #0 - SERIES STATEMENT/ADDED ENTRY--TITLE | |
| Title | Berkshire studies in European history |
| Linkage | S526.1 |
| 504 ## - BIBLIOGRAPHY, ETC. NOTE | |
| Bibliography, etc. note | "Bibliographical note": p. 137-143. |
| 650 #0 - SUBJECT ADDED ENTRY--TOPICAL TERM | |
| Topical term or geographic name entry element | Renaissance. |
| Linkage | S23566.1 |
| 949 ## - LOCAL PROCESSING INFORMATION (OCLC) | |
| a | CB361 |
| w | lcc |
| i | 33729001833917 |
| m | MAIN |
| t | BOOK |
| l | ON-SHELF |
No items available.